000 00329nam a22001337a 4500
008 171106b xxu||||| |||| 00| 0 eng d
020 _a9780324188240
041 _aeng
080 _23 ED
_a330.722.6
100 _a62
101 _aKON
245 _aMANAGEMENT AND FINANCIAL ACCOUTING REPORTING
_cHASSEL.B
942 _2udc
_cBK
999 _c37938
_d37938